LEADER 00998nam a2200229 i 4500 001 000000187117 003 CaOOAMICUS 005 20100311000000.0 008 100311s1907 it u000 u mul u 013 $a165178 040 $aSeMil$bita 245 10$aApologisti Cristiani /$cScelti e commentati dal Prof. Attilio De Marchi con introduzione, appendice ed illustrazioni. 260 $aMilano :$bFrancesco Vallardi,$c1907. 300 $aLI, 336 p. :$bill. ;$c21 cm. 490 0 $aCollezione di classici latini : annotati per le scuole 500 $aContiene : Appendice. 700 1 $aDe Marchi, Attilio.$0(OLS)http://semarc/name/56574 830 0$aCollezione di classici latini : annotati per le scuole.$0(OLS)http://semarc/title/26134 850 $aSeMil 852 $aSeMil$W1$xVenegono$y1$m2T II 70$j137804$B137804$CSeMilBibl$Z2$F149283 $81 996 $6245$aApologisti Cristiani$9(OLS)http://semarc/title/269158 996 $6260$aMilano :$bFrancesco Vallardi$9(OLS)http://semarc/publisher/30290 LEADER 00877nam a2200217 i 4500 001 000000187645 003 CaOOAMICUS 005 20100322000000.0 008 100322s1974 it u000 u ita u 013 $a165737 040 $aSeMil$bita 100 1 $aPezzella, Sosio.$0(OLS)http://semarc/name/59856 245 10$aImpero Romano e Cristianesimo :$bFonti (1.-2. sec.) /$cSosio Pezzella. 260 $aBari :$bAdriatica,$c1974. 300 $a82 p. ;$c25 cm. 500 $aContiene : Nota bibliografica. 650 4$aCristianesimo - Rapporti [con l'] Impero Romano.$0(OLS)http://semarc/subject/6030 850 $aSeMil 852 $aSeMil$W1$xVenegono$y1$m2T II 223$j138332$B138332$CSeMilBibl$Z2$F149770 $81 996 $6245$aImpero Romano e Cristianesimo :$bFonti (1.-2. sec.)$9(OLS)http://semarc/title/269973 996 $6260$aBari :$bAdriatica$9(OLS)http://semarc/publisher/30181